000 00395nam a2200157 i 4500
001 bg
245 0 _aTeleinformatics 1979 :
_bInformation Processing.
260 _aAmsterdam :
_bNorth-Holland Publishing Company,
_c1980.
020 _a0444853499
040 _cBPK
041 _apol
080 _a621.3
920 _a0-444-85349-9
942 _cKS
008 s pl f |000 0 pol
999 _c20244
_d20244
856 _uhttp://koha.tu.koszalin.pl/cgi-bin/koha/opac-detail.pl?biblionumber=20244
_yKatalog online BPK